[Event "Niedersachsen-ch 2020"]
[Site "Verden-Aller"]
[Date "2020.01.03"]
[Round "3.9"]
[White "Loecken, Siegfried"]
[Black "Balazs, Balint"]
[Result "1/2-1/2"]
[WhiteElo "2001"]
[BlackElo "2158"]
[Annotator "TA"]
[PlyCount "103"]
[EventDate "2020.01.02"]
[EventType "swiss"]
[EventCountry "GER"]
[SourceTitle "playchess.com"]
[Source "ChessBase"]
[SourceQuality "1"]

{[%evp 16,103,8,0,2,0,34,35,43,40,47,-4,0,-23,15,27,43,-96,-102,-91,-89,-100,-94,-171,-174,-183,-154,-383,-96,-81,-89,-98,-99,-180,-91,-91,0,0,0,-36,-63,-354,-361,-388,181,170,163,166,150,155,158,159,168,170,158,172,166,115,111,85,86,80,81,68,74,72,88,37,72,65,57,0,42,0,42,42,63,0,89,51,42,73,75,23,5114,-29977,-29978,-29974,5110,5102]} 1. e4 c5 2. Nc3 Nc6 3. g3 e6 4. Bg2 g6 5. d3 Bg7 6. Be3 Nd4 7. Qd2 Ne7 8. Nd1 e5 9. c3 Ne6 {B24: Closed Sicilian: 3 g3 sidelines} 10. Bh6 O-O 11. Bxg7 Kxg7 {White is slightly better.} 12. Ne3 (12. Nf3 d6 13. d4 cxd4 14. cxd4 exd4 15. Nxd4 d5 16. exd5 Nxd5 17. Nf5+ gxf5 18. Qxd5 Qxd5 19. Bxd5 {½-½ (53) Rahman,Z (2510)-Van Wely,L (2618) Dresden 2008}) 12... f5 13. Nd5 $146 (13. exf5 $14 gxf5 14. Nf3) ({Predecessor:} 13. h4 f4 14. Nd5 Nc7 15. gxf4 Nexd5 16. exd5 exf4 17. O-O-O {0-1 (40) Nocek,D-Maka,M (2050) Rowy 1998}) 13... f4 14. Nf3 Nc6 15. O-O-O d6 16. d4 (16. Kb1 $14 {stays ahead.}) 16... cxd4 $17 17. cxd4 Ncxd4 18. Nxd4 Nxd4 19. gxf4 (19. Kb1 $17) 19... Bg4 $19 20. f3 Nxf3 21. Qb4 $2 (21. Qd3 $17 Nd4 22. Rd2) 21... Nd4 $2 (21... Nh4 $19 {and Black stays clearly on top.} 22. Rd2 Nxg2 23. fxe5 dxe5 24. Rxg2 Bf3 {[%mdl 64] Skewer}) 22. Rxd4 $17 exd4 23. Qxd4+ Kg8 $1 {[#]} 24. f5 $1 {[%mdl 512]} Qg5+ ({Much less strong is} 24... gxf5 25. h3 $15) (24... Qh4 $1 $19 25. Ne3 Rae8) 25. Kb1 Bxf5 (25... gxf5 $17 26. h3 Bh5) 26. exf5 $11 {Strongly threatening Bh3.} Qxg2 27. Rg1 Qe2 28. Nf4 $2 {[%mdl 8192]} (28. Ne3 $15 Qxh2 29. Ng4) 28... Qe5 $19 ({Don't go for} 28... Qxh2 $2 29. Nxg6 $1 {[%mdl 512]} Qxg1+ 30. Qxg1 $18) 29. Qc4+ Kh8 $4 {[%mdl 8192] [#]} (29... d5 $19 30. Nxd5 Qxf5+ 31. Ka1 Qf7) 30. Nxg6+ $1 $18 {[%mdl 512]} hxg6 31. Qh4+ Kg7 32. Rxg6+ Kf7 33. Qh7+ Ke8 34. Re6+ Qxe6 35. fxe6 {[%csl Ge6][%cal Rh7d7][%mdl 4096] Endgame KQ-KRR} Rd8 36. Kc2 (36. Qxb7 $18 d5 37. Qxa7) 36... Rf6 $16 37. h4 Rxe6 38. Qxb7 Rd7 39. Qc8+ Ke7 40. Qg8 Re5 41. Kd3 (41. Qh7+ $16 Kd8 42. Qg6) 41... Kf6 42. Qh8+ Kg6 43. Qg8+ (43. b4 $14) 43... Kh5 44. Qh8+ Kg4 45. Qf6 Rc7 46. a3 ({Better is} 46. b4 $14) 46... Rc8 (46... Rcc5 $11) 47. Qg6+ Kxh4 48. Qh6+ Kg4 49. Qxd6 (49. Qg7+ $16 Kf4 50. Qh6+ Kg4 51. Qxd6) 49... Rcc5 $2 {[%mdl 8192]} (49... Ree8 $11 50. Qg6+ Kf3 51. Qf5+ Kg3) 50. Qg6+ $4 {[%mdl 8192]} (50. Kd4 $18 Rb5 51. Qxe5 Rxe5 52. Kxe5) 50... Kf3 {[%cal Re5d5]} 51. Qd6 Kg4 $4 {[%mdl 8192] [#]} (51... Rcd5+ {and life is good for Black.} 52. Qxd5+ Rxd5+ 53. Kc4 Ra5 54. Kb4 Ra6 55. Kc3 Ke4 56. Kc4 Rc6+ 57. Kb5 Rb6+ 58. Ka5 Rxb2 59. Ka6 Kd5 60. a4 Rb3 61. Ka5 Kc6 62. Ka6 Rb4 63. a5 Ra4 $1 {[%mdl 512]} 64. Kxa7 Rxa5+ 65. Kb8 Ra4 66. Kc8 Ra8#) 52. Kd4 $1 {[%csl LRc5,LRe5][%mdl 32832] Double Attack. Accuracy: White = 25%, Black = 26%. . An unexpected result.} 1/2-1/2

[Event "Niedersachsen-ch 2020"]
[Site "Verden-Aller"]
[Date "2020.01.03"]
[Round "3.10"]
[White "Issing, Peter"]
[Black "Martin, Dennis"]
[Result "1-0"]
[WhiteElo "2151"]
[BlackElo "1999"]
[Annotator "TA"]
[PlyCount "49"]
[EventDate "2020.01.02"]
[EventType "swiss"]
[EventCountry "GER"]
[SourceTitle "playchess.com"]
[Source "ChessBase"]
[SourceQuality "1"]

{[%evp 9,49,5,22,2,10,12,1,-2,0,-35,67,69,104,38,239,231,220,92,92,92,87,95,472,184,206,197,169,53,414,430,761,759,756,756,723,737,720,701,1395,1394,1331,1276]} 1. d4 f5 2. e4 fxe4 3. Nc3 Nf6 4. Bg5 Nc6 5. d5 Ne5 6. f4 {A83: Dutch Defence: Staunton Gambit with 3 Nc3 Nf6 4 Bg5} (6. Qd4 Nf7 7. h4 c6 8. O-O-O Qb6 9. Bxf6 gxf6 10. Qxe4 Qxf2 11. Nf3 f5 12. Qxf5 Qe3+ 13. Kb1 d6 14. Qd3 Qxd3 15. Bxd3 Bg7 16. Ng5 {0-1 (38) Del Rio de Angelis,S (2522)-Vallejo Pons,F (2713) Linares 2016}) 6... exf3 7. Nxf3 Nf7 $1 8. h4 $146 {The position is equal.} ({Predecessor:} 8. Bd3 e6 9. O-O Bc5+ 10. Kh1 O-O 11. h4 Nxg5 12. Nxg5 h6 13. Nge4 Nxe4 14. Rxf8+ Bxf8 15. Nxe4 Qxh4+ {0-1 (34) Akhmetshin,R (1306)-Bolikov,N (1771) Yekaterinburg 2019}) 8... c6 9. Bc4 Nd6 (9... cxd5 $15 10. Bxf6 (10. Nxd5 e6 $15) 10... dxc4) 10. Bb3 $1 $14 c5 {...c4 is the strong threat.} 11. Qe2 $36 {[%mdl 2048] White has good play.} (11. Ne5 $16) 11... a6 $2 (11... b5 $14) 12. Ne5 $18 Qc7 13. Bxf6 (13. O-O-O $1 $18 {and White stays clearly on top.}) 13... gxf6 $16 {[#]} 14. Qh5+ $1 Kd8 {[#]} 15. Ng6 $1 {[%cal Rg6h8][%mdl 576] Pin} Nf7 $2 {[%mdl 8192]} (15... Rg8 $16 {is a better chance.} 16. Qxh7 Rg7) (15... hxg6 16. Qxh8) 16. Nxh8 $2 (16. d6 Qxd6 17. Bxf7) 16... Qg3+ $18 17. Kf1 Nxh8 18. Rh3 (18. d6 $18 {aiming for dxe7+.} Qf4+ 19. Qf3 Qxf3+ 20. gxf3) 18... Qg7 $2 {[%mdl 8192] [#]} (18... Qg6 $14 19. Qxg6 Nxg6) 19. d6 $1 e5 (19... e6 $142 20. Qxc5 Nf7) 20. Ne4 b5 21. Bd5 Rb8 22. Rg3 Ng6 23. Qf5 Qh8 24. h5 Nh4 25. Qg4 {Accuracy: White = 43%, Black = 24%.} 1-0

[Event "Niedersachsen-ch 2020"]
[Site "Verden-Aller"]
[Date "2020.01.03"]
[Round "3.12"]
[White "Frese, Immo"]
[Black "Eickhoff, Hermann"]
[Result "0-1"]
[WhiteElo "1697"]
[BlackElo "1785"]
[Annotator "NA RC"]
[PlyCount "62"]
[EventDate "2020.01.02"]
[EventType "swiss"]
[EventCountry "GER"]
[SourceTitle "playchess.com"]
[Source "ChessBase"]
[SourceQuality "1"]
[TimeControl "40/5400+30:1800+30"]

1. d4 {[%emt 0:00:00]} Nf6 {[%emt 0:00:15]} 2. c4 {[%emt 0:00:00]} d6 {[%emt 0:00:35]} 3. Nc3 {[%emt 0:00:12]} c6 {[%emt 0:00:53]} 4. e4 {[%emt 0:01:11]} Nbd7 {[%emt 0:01:53]} 5. Nf3 {[%emt 0:01:52]} e5 {[%emt 0:06:56]} 6. d5 {[%emt 0:02:44]} Nc5 {[%emt 0:03:00]} 7. Qc2 {[%emt 0:02:10]} Be7 {[%emt 0:06:37]} 8. h3 {[%emt 0:04:57]} a5 {[%emt 0:02:11]} 9. Be2 {[%emt 0:01:22]} Na6 {[%emt 0:03:41]} 10. a3 {[%emt 0:02:07]} Bd7 {[%emt 0:03:49]} 11. Be3 {[%emt 0:02:36]} cxd5 {[%emt 0:02:49]} 12. cxd5 {[%emt 0:02:16]} O-O {[%emt 0:03:19]} 13. O-O {[%emt 0:00:09]} Qc7 {[%emt 0:10:27]} 14. Rac1 {[%emt 0:05:06]} Rfc8 {[%emt 0:01:33]} 15. Qd3 {[%emt 0:08:04]} Nc5 {[%emt 0:04:15]} 16. Bxc5 {[%emt 0:01:28]} Qxc5 {[%emt 0:08:26]} 17. Nd2 {[%emt 0:11:13]} a4 {[%emt 0:09:22]} 18. Na2 {[%emt 0:02:32]} Qa7 {[%emt 0:04:25]} 19. Nb4 {[%emt 0:03:34]} Rc5 {[%emt 0:01:33]} 20. Qb1 {[%emt 0:07:15]} Rac8 {[%emt 0:01:45]} 21. Rc2 {[%emt 0:06:08]} Rxc2 {[%emt 0:01:08]} 22. Nxc2 {[%emt 0:00:09]} Qa5 {[%emt 0:01:04]} 23. Nb4 {[%emt 0:04:51]} Qc5 {[%emt 0:02:37]} 24. Rd1 {[%emt 0:04:56]} Bd8 {[%emt 0:04:27]} 25. Na2 {[%emt 0:04:49]} Bb6 {[%emt 0:00:51]} 26. Rf1 {[%emt 0:01:42]} Qc2 {[%emt 0:00:45]} 27. Qe1 {[%emt 0:08:24]} Ba5 {[%emt 0:02:40]} 28. Nb4 {[%emt 0:00:47]} Bxb4 {[%emt 0:02:22]} 29. axb4 {[%emt 0:00:02]} b5 {[%emt 0:02:30]} 30. f3 {[%emt 0:02:28]} Qxb2 {[%emt 0:01:23]} 31. f4 {[%emt 0:03:03]} Rc2 {[%emt 0:00:53]} 0-1

[Event "Niedersachsen-ch 2020"]
[Site "Verden-Aller"]
[Date "2020.01.03"]
[Round "4.1"]
[White "Riemay, David"]
[Black "Voege, Tobias"]
[Result "1/2-1/2"]
[WhiteElo "2139"]
[BlackElo "2310"]
[Annotator "TA"]
[PlyCount "78"]
[EventDate "2020.01.02"]
[EventType "swiss"]
[EventCountry "GER"]
[SourceTitle "playchess.com"]
[Source "ChessBase"]
[SourceQuality "1"]

{[%evp 14,78,0,0,-14,-37,-39,-42,-30,-23,-18,-40,-42,-37,-37,-49,-46,-66,-54,-79,-68,-69,-68,-83,-50,-67,-41,-46,-16,-78,-68,-85,-54,-74,-18,-62,0,0,0,0,0,0,0,0,0,0,0,0,0,0,0,-114,0,0,0,0,0,0,0,0,0,0,0,0,0,0,0]} 1. d4 e6 2. Nf3 Nf6 3. e3 b6 4. Bd3 Bb7 5. O-O Be7 6. Nbd2 d5 7. Ne5 O-O 8. f4 Ne4 {D05: Colle System with ...e6} (8... c5 9. Qf3 Qc7 10. c3 Nfd7 11. Qh3 f5 12. g4 Nxe5 13. fxe5 Ba6 14. Bxa6 Nxa6 15. gxf5 exf5 16. Rxf5 {1-0 (39) Starostits,I (2449)-Suarez Pousa,D (2412) Santiago de Compostela 2018}) 9. Qf3 {[%cal Rd2e4]} f6 10. Ng4 {[%cal Rd2e4]} f5 {Black is slightly better.} 11. Ne5 Nd7 12. Qe2 Nxe5 13. fxe5 Bg5 14. b3 c5 15. Bxe4 fxe4 16. Ba3 Qc7 $146 17. c4 Ba6 18. Kh1 Qe7 (18... Rf5 {feels hotter.} 19. Bb2 g6 20. Kg1 Rd8 21. a4 cxd4 22. Bxd4 Be7) 19. Rae1 Rxf1+ 20. Nxf1 Rf8 21. Nd2 (21. dxc5 $11 bxc5 22. Ng3) 21... Rf5 22. Rf1 Rxf1+ 23. Nxf1 Qf8 (23... dxc4 $17 {Threatens to win with ...Qd7.} 24. dxc5 Qc7) 24. Nd2 Bxe3 ({Black should play} 24... Qf5 $15 25. g4 Qf8) 25. Qxe3 $11 {[%cal Rd4c5]} cxd4 {[%mdl 64] [#] Discovered Attack} 26. Qh3 Qxa3 27. Qxe6+ {[%mdl 64] Double Attack} Kf8 {( -> ...Qc1+)} 28. Qf5+ {[%mdl 64] Double Attack} Ke7 29. e6 {aiming for Qf7+.} Qc1+ {[%mdl 64] Double Attack} 30. Nf1 {And now Qf7+ would win.} dxc4 31. Qf7+ {[%mdl 64] Double Attack} Kd6 32. h3 {[#]} (32. e7 $11 {remains equal.} Bb5 33. Kg1 cxb3 34. Qf8) 32... c3 (32... Bb5 $1 $17 {Hoping for ...cxb3.} 33. e7 cxb3 34. axb3 a5) 33. Qd7+ {The position is equal.} Kc5 34. Qe7+ Kd5 35. Qd7+ Ke5 36. e7 Qxf1+ 37. Kh2 Qf4+ 38. Kh1 Qc1+ 39. Kh2 Qf4+ {Accuracy: White = 35%, Black = 62%.} 1/2-1/2

[Event "Niedersachsen-ch 2020"]
[Site "Verden-Aller"]
[Date "2020.01.03"]
[Round "4.2"]
[White "Abel, Dennes"]
[Black "Ewert, Hannes"]
[Result "1/2-1/2"]
[WhiteElo "2463"]
[BlackElo "2256"]
[Annotator "RC"]
[PlyCount "117"]
[EventDate "2020.01.02"]
[EventType "swiss"]
[EventCountry "GER"]
[SourceTitle "playchess.com"]
[Source "ChessBase"]
[SourceQuality "1"]
[TimeControl "40/5400+30:1800+30"]

1. d4 {[%emt 0:00:19]} Nf6 {[%emt 0:00:00]} 2. c4 {[%emt 0:00:06]} e6 {[%emt 0:00:00]} 3. g3 {[%emt 0:00:11]} Bb4+ {[%emt 0:00:48]} 4. Nd2 {[%emt 0:00:08]} O-O {[%emt 0:00:31]} 5. Bg2 {[%emt 0:01:12]} d5 {[%emt 0:00:10]} 6. Ngf3 {[%emt 0:00:29]} b6 {[%emt 0:02:58]} 7. O-O {[%emt 0:01:40]} Bb7 {[%emt 0:01:26]} 8. cxd5 {[%emt 0:01:27]} exd5 {[%emt 0:01:29]} 9. Ne5 {[%emt 0:04:53]} Bd6 {[%emt 0:05:31]} 10. Ndf3 {[%emt 0:00:56]} c5 {[%emt 0:05:43]} 11. b3 {[%emt 0:10:47]} Qe7 {[%emt 0:07:52]} 12. Bb2 {[%emt 0:01:25]} Nc6 {[%emt 0:02:07]} 13. Nxc6 {[%emt 0:03:30]} Bxc6 {[%emt 0:00:03]} 14. dxc5 {[%emt 0:01:22]} bxc5 {[%emt 0:00:10]} 15. Nh4 {[%emt 0:00:36]} Be5 {[%emt 0:04:34]} 16. Bxe5 {[%emt 0:02:04]} Qxe5 {[%emt 0:00:08]} 17. Qc2 {[%emt 0:01:01]} Nd7 {[%emt 0:06:51]} 18. Rac1 {[%emt 0:05:50]} Rac8 {[%emt 0:03:51]} 19. Rfd1 {[%emt 0:00:58]} Rfd8 {[%emt 0:08:28]} 20. Rd2 {[%emt 0:06:39]} Nb6 {[%emt 0:26:09]} 21. Qxc5 {[%emt 0:10:31]} Bb5 {[%emt 0:00:37]} 22. Qa3 {[%emt 0:00:05]} Rxc1+ {[%emt 0:00:28]} 23. Qxc1 {[%emt 0:00:05]} Bxe2 {[%emt 0:00:24]} 24. Qe1 {[%emt 0:02:22]} Re8 {[%emt 0:00:38]} 25. Bf1 {[%emt 0:01:00]} Bxf1 {[%emt 0:03:45]} 26. Qxe5 {[%emt 0:00:17]} Rxe5 {[%emt 0:00:04]} 27. Kxf1 {[%emt 0:00:05]} Kf8 {[%emt 0:02:41]} 28. Nf3 {[%emt 0:00:07]} Re8 {[%emt 0:03:06]} 29. Rc2 {[%emt 0:04:52]} Rc8 {[%emt 0:03:09]} 30. Rxc8+ {[%emt 0:00:06]} Nxc8 {[%emt 0:00:01]} 31. Ke2 {[%emt 0:00:43]} Ke7 {[%emt 0:03:44]} 32. Nd4 {[%emt 0:00:51]} g6 {[%emt 0:02:34]} 33. Kd3 {[%emt 0:01:47]} Kd6 {[%emt 0:00:42]} 34. b4 {[%emt 0:02:07]} a6 {[%emt 0:02:15]} 35. g4 {[%emt 0:05:07]} Nb6 {[%emt 0:02:22]} 36. f4 {[%emt 0:00:41]} f6 {[%emt 0:01:06]} 37. h4 {[%emt 0:00:35]} Nc4 {[%emt 0:00:33]} 38. Nb3 {[%emt 0:04:20]} Kc6 {[%emt 0:00:34]} 39. Kd4 {[%emt 0:00:27]} Kb5 {[%emt 0:01:11]} 40. Nc5 {[%emt 0:01:48]} Kxb4 {[%emt 0:00:45]} 41. Nxa6+ {[%emt 0:30:49]} Ka3 {[%emt 0:00:19]} 42. g5 {[%emt 0:00:00]} fxg5 {[%emt 0:04:03]} 43. hxg5 {[%emt 0:00:00]} Nd6 {[%emt 0:02:59]} 44. Nc7 {[%emt 0:00:00]} h6 {[%emt 0:19:58]} 45. gxh6 {[%emt 0:00:00]} Nf5+ {[%emt 0:00:05]} 46. Kxd5 {[%emt 0:00:00]} Nxh6 {[%emt 0:00:05]} 47. Ke6 {[%emt 0:00:00]} Nf5 {[%emt 0:00:41]} 48. Nd5 {[%emt 0:00:00]} Kxa2 {[%emt 0:01:32]} 49. Kf6 {[%emt 0:00:00]} Ng3 {[%emt 0:00:42]} 50. Kxg6 {[%emt 0:00:00]} Kb3 {[%emt 0:00:27]} 51. Kg5 {[%emt 0:00:00]} Kc4 {[%emt 0:00:41]} 52. Ne7 {[%emt 0:00:00]} Kc5 {[%emt 0:00:41]} 53. Kg4 {[%emt 0:00:00]} Ne4 {[%emt 0:00:36]} 54. Kf5 {[%emt 0:00:00]} Ng3+ {[%emt 0:01:16]} 55. Ke5 {[%emt 0:00:00]} Kb6 {[%emt 0:01:19]} 56. Kd6 {[%emt 0:00:00]} Ne2 {[%emt 0:01:54]} 57. Nd5+ {[%emt 0:00:00]} Kb7 {[%emt 0:00:10]} 58. f5 {[%emt 0:00:00]} Ng3 {[%emt 0:00:02]} 59. f6 {[%emt 0:00:00]} 1/2-1/2

[Event "Niedersachsen-ch 2020"]
[Site "Verden-Aller"]
[Date "2020.01.03"]
[Round "4.3"]
[White "Schmidt, Dennis"]
[Black "Schulze, Torben"]
[Result "0-1"]
[WhiteElo "2043"]
[BlackElo "2266"]
[Annotator "ChessBase"]
[PlyCount "158"]
[EventDate "2020.01.02"]
[EventType "swiss"]
[EventCountry "GER"]
[SourceTitle "playchess.com"]
[Source "ChessBase"]
[SourceQuality "1"]
[TimeControl "40/5400+30:1800+30"]

1. e4 c5 {[%emt 0:05:23]} 2. Nf3 {[%emt 0:00:00]} Nc6 {[%emt 0:00:07]} 3. d3 {[%emt 0:00:29]} g6 {[%emt 0:00:08]} 4. g3 {[%emt 0:00:07]} Bg7 {[%emt 0:00:01]} 5. Bg2 {[%emt 0:00:12]} e5 {[%emt 0:00:05]} 6. O-O {[%emt 0:02:09]} Nge7 {[%emt 0:00:07]} 7. c3 {[%emt 0:01:39]} O-O {[%emt 0:02:07]} 8. Be3 {[%emt 0:02:12]} b6 {[%emt 0:02:01]} 9. Qd2 {[%emt 0:21:34]} d6 {[%emt 0:13:41]} 10. Bh6 {[%emt 0:03:50]} Qc7 {[%emt 0:01:02]} 11. Bxg7 {[%emt 0:00:59]} Kxg7 {[%emt 0:00:02]} 12. Na3 {[%emt 0:05:46]} a6 {[%emt 0:06:06]} 13. d4 {[%emt 0:09:52]} Bg4 {[%emt 0:00:43]} 14. d5 {[%emt 0:01:59]} Na7 {[%emt 0:02:24]} 15. Nh4 {[%emt 0:07:58]} Bd7 {[%emt 0:13:51]} 16. f4 {[%emt 0:00:55]} f6 {[%emt 0:00:27]} 17. Rf2 {[%emt 0:02:27]} Rae8 {[%emt 0:01:49]} 18. Raf1 {[%emt 0:01:00]} Ng8 {[%emt 0:02:02]} 19. Nc2 {[%emt 0:03:47]} Qd8 {[%emt 0:07:58]} 20. fxe5 {[%emt 0:18:16]} fxe5 {[%emt 0:00:10]} 21. Qe2 {[%emt 0:01:30]} b5 {[%emt 0:03:29]} 22. b4 {[%emt 0:00:56]} cxb4 {[%emt 0:01:54]} 23. cxb4 {[%emt 0:00:17]} Nc8 {[%emt 0:01:08]} 24. Ne3 {[%emt 0:04:10]} Nf6 {[%emt 0:03:53]} 25. h3 {[%emt 0:05:10]} Nb6 {[%emt 0:01:37]} 26. Kh2 {[%emt 0:01:05]} Qc8 {[%emt 0:03:03]} 27. g4 {[%emt 0:01:19]} h6 {[%emt 0:01:33]} 28. Qd2 {[%emt 0:02:09]} Nh7 {[%emt 0:00:28]} 29. Nf3 {[%emt 0:00:34]} Qd8 {[%emt 0:06:56]} 30. Qb2 {[%emt 0:01:43]} Qf6 {[%emt 0:05:25]} 31. Ne1 {[%emt 0:00:39]} Qg5 {[%emt 0:01:15]} 32. Qe2 {[%emt 0:00:23]} Qd8 {[%emt 0:01:08]} 33. Kg3 {[%emt 0:00:24]} Rxf2 {[%emt 0:01:23]} 34. Rxf2 {[%emt 0:00:13]} Rf8 {[%emt 0:00:27]} 35. Rxf8 {[%emt 0:00:27]} Kxf8 {[%emt 0:01:58]} 36. Qf2+ {[%emt 0:00:29]} Kg7 {[%emt 0:00:03]} 37. h4 {[%emt 0:00:36]} Qf6 {[%emt 0:01:27]} 38. Qxf6+ {[%emt 0:00:40]} Nxf6 {[%emt 0:01:24]} 39. Bf3 {[%emt 0:00:17]} Na4 {[%emt 0:00:38]} 40. g5 {[%emt 0:00:51]} hxg5 {[%emt 0:08:48]} 41. hxg5 {[%emt 0:01:03]} Nh7 {[%emt 0:00:47]} 42. Kh4 {[%emt 0:00:25]} Nc3 {[%emt 0:01:06]} 43. a3 {[%emt 0:00:40]} Kf7 {[%emt 0:03:30]} 44. Nd3 {[%emt 0:06:42]} Nb1 {[%emt 0:02:29]} 45. Nc2 {[%emt 0:02:38]} Nd2 {[%emt 0:00:41]} 46. Bg2 {[%emt 0:00:22]} Bc8 {[%emt 0:00:25]} 47. Nc1 {[%emt 0:05:52]} Nf8 {[%emt 0:02:02]} 48. Ne2 {[%emt 0:01:47]} Nd7 {[%emt 0:00:44]} 49. Nc3 {[%emt 0:00:40]} Nb6 {[%emt 0:00:31]} 50. Kg3 {[%emt 0:01:06]} Nb3 {[%emt 0:07:33]} 51. Bf1 {[%emt 0:02:16]} Bd7 {[%emt 0:01:45]} 52. Bd3 {[%emt 0:02:00]} Ke7 {[%emt 0:00:50]} 53. Ne3 {[%emt 0:01:58]} Nd4 {[%emt 0:01:06]} 54. Bf1 {[%emt 0:01:13]} Na8 {[%emt 0:01:04]} 55. Bd3 {[%emt 0:00:54]} Nc7 {[%emt 0:00:04]} 56. Ne2 {[%emt 0:01:55]} Nb3 {[%emt 0:02:44]} 57. Ng4 {[%emt 0:00:52]} Na8 {[%emt 0:01:02]} 58. Ne3 {[%emt 0:01:33]} Nb6 {[%emt 0:00:20]} 59. Nc3 {[%emt 0:00:30]} Nd4 {[%emt 0:00:59]} 60. Bf1 {[%emt 0:01:47]} Na8 {[%emt 0:01:16]} 61. Bd3 {[%emt 0:00:40]} Nc7 {[%emt 0:00:01]} 62. Ne2 {[%emt 0:00:28]} Nb3 {[%emt 0:00:40]} 63. Ng4 {[%emt 0:00:16]} Ne8 {[%emt 0:01:03]} 64. Ne3 {[%emt 0:04:11]} Ng7 {[%emt 0:01:48]} 65. Ng2 {[%emt 0:00:35]} Kf7 {[%emt 0:00:25]} 66. Kh4 {[%emt 0:00:34]} Nd2 {[%emt 0:00:28]} 67. Ne1 {[%emt 0:00:51]} Nh5 {[%emt 0:00:41]} 68. Bc2 {[%emt 0:00:38]} Nc4 {[%emt 0:01:04]} 69. a4 {[%emt 0:00:30]} bxa4 {[%emt 0:00:44]} 70. Nc3 {[%emt 0:00:04]} a3 {[%emt 0:00:44]} 71. Bb3 {[%emt 0:00:12]} Nd2 {[%emt 0:00:50]} 72. Bd1 {[%emt 0:00:37]} Nf4 {[%emt 0:00:44]} 73. Nc2 {[%emt 0:00:25]} Nc4 {[%emt 0:04:11]} 74. Kg3 {[%emt 0:00:38]} Bb5 {[%emt 0:01:12]} 75. Bg4 {[%emt 0:00:31]} Ke7 {[%emt 0:00:45]} 76. Bc8 {[%emt 0:00:28]} Kd8 {[%emt 0:01:39]} 77. Nxb5 {[%emt 0:00:55]} axb5 {[%emt 0:00:38]} 78. Ba6 {[%emt 0:00:24]} a2 {[%emt 0:00:06]} 79. Bxb5 {[%emt 0:00:19]} Na3 {[%emt 0:00:01]} 0-1

[Event "Niedersachsen-ch 2020"]
[Site "Verden-Aller"]
[Date "2020.01.03"]
[Round "4.4"]
[White "Hoerstmann, Rudi"]
[Black "Ermel, Dirk"]
[Result "1/2-1/2"]
[WhiteElo "2241"]
[BlackElo "2125"]
[Annotator "NA"]
[PlyCount "108"]
[EventDate "2020.01.02"]
[EventType "swiss"]
[EventCountry "GER"]
[SourceTitle "playchess.com"]
[Source "ChessBase"]
[SourceQuality "1"]
[TimeControl "40/5400+30:1800+30"]

1. Nf3 {[%emt 0:00:59]} Nf6 {[%emt 0:00:00]} 2. c4 {[%emt 0:00:17]} g6 {[%emt 0:01:39]} 3. Nc3 {[%emt 0:00:26]} Bg7 {[%emt 0:00:21]} 4. e4 {[%emt 0:01:42]} d6 {[%emt 0:00:39]} 5. d4 {[%emt 0:00:09]} O-O {[%emt 0:01:10]} 6. Be2 {[%emt 0:00:04]} Nbd7 {[%emt 0:04:02]} 7. O-O {[%emt 0:00:15]} e5 {[%emt 0:00:43]} 8. Qc2 {[%emt 0:00:05]} Re8 {[%emt 0:02:40]} 9. Rd1 {[%emt 0:00:43]} exd4 {[%emt 0:04:22]} 10. Nxd4 {[%emt 0:00:10]} Nc5 {[%emt 0:00:52]} 11. f3 {[%emt 0:00:57]} c6 {[%emt 0:18:55]} 12. Bg5 {[%emt 0:09:16]} h6 {[%emt 0:12:29]} 13. Be3 {[%emt 0:00:38]} Qe7 {[%emt 0:03:41]} 14. Re1 {[%emt 0:17:39]} Bd7 {[%emt 0:07:39]} 15. Rad1 {[%emt 0:02:27]} Rad8 {[%emt 0:00:14]} 16. Qd2 {[%emt 0:10:05]} Kh7 {[%emt 0:00:41]} 17. Bf1 {[%emt 0:00:58]} Bc8 {[%emt 0:13:32]} 18. b4 {[%emt 0:07:55]} Ne6 {[%emt 0:02:44]} 19. Nb3 {[%emt 0:00:08]} b6 {[%emt 0:02:29]} 20. a3 {[%emt 0:03:01]} Qb7 {[%emt 0:02:06]} 21. Qc2 {[%emt 0:10:07]} d5 {[%emt 0:04:19]} 22. Bf2 {[%emt 0:19:43]} dxe4 {[%emt 0:01:12]} 23. Nxe4 {[%emt 0:01:28]} Nxe4 {[%emt 0:00:56]} 24. Qxe4 {[%emt 0:00:10]} Bc3 {[%emt 0:04:27]} 25. Rxd8 {[%emt 0:02:26]} Rxd8 {[%emt 0:00:09]} 26. Re2 {[%emt 0:02:34]} Qc7 {[%emt 0:01:27]} 27. c5 {[%emt 0:00:54]} b5 {[%emt 0:01:20]} 28. Bg3 {[%emt 0:01:22]} Qd7 {[%emt 0:01:28]} 29. Bd6 {[%emt 0:00:09]} f5 {[%emt 0:02:00]} 30. Qd3 {[%emt 0:01:32]} Qg7 {[%emt 0:00:09]} 31. Qc2 {[%emt 0:01:12]} Re8 {[%emt 0:01:43]} 32. Kh1 {[%emt 0:01:56]} Bd7 {[%emt 0:00:28]} 33. Qd3 {[%emt 0:02:00]} Bf6 {[%emt 0:00:36]} 34. f4 {[%emt 0:00:43]} Nd4 {[%emt 0:01:24]} 35. Nxd4 {[%emt 0:01:46]} Bxd4 {[%emt 0:00:06]} 36. Rxe8 {[%emt 0:00:48]} Bxe8 {[%emt 0:00:01]} 37. Be2 {[%emt 0:00:20]} Bf6 {[%emt 0:03:18]} 38. Bf3 {[%emt 0:00:26]} Qf7 {[%emt 0:01:08]} 39. Be5 {[%emt 0:01:08]} Qe6 {[%emt 0:00:38]} 40. Qd6 {[%emt 0:00:34]} Qxd6 {[%emt 0:01:16]} 41. cxd6 {[%emt 0:30:39]} Bd8 {[%emt 0:02:55]} 42. Kg1 {[%emt 0:00:00]} Kg8 {[%emt 0:00:48]} 43. Kf2 {[%emt 0:00:00]} Kf7 {[%emt 0:00:55]} 44. Ke3 {[%emt 0:00:00]} Ke6 {[%emt 0:01:08]} 45. Bd1 {[%emt 0:00:00]} Bb6+ {[%emt 0:01:31]} 46. Kd3 {[%emt 0:00:00]} c5 {[%emt 0:02:32]} 47. Bf3 {[%emt 0:00:00]} c4+ {[%emt 0:00:43]} 48. Kd2 {[%emt 0:00:00]} a5 {[%emt 0:02:26]} 49. Bb7 {[%emt 0:00:00]} axb4 {[%emt 0:01:10]} 50. axb4 {[%emt 0:00:00]} Ba7 {[%emt 0:01:30]} 51. Bf3 {[%emt 0:00:00]} h5 {[%emt 0:00:42]} 52. g3 {[%emt 0:00:02]} Bd7 {[%emt 0:00:46]} 53. Kc3 {[%emt 0:01:50]} Bb8 {[%emt 0:10:52]} 54. Kd4 {[%emt 0:00:12]} Ba7+ {[%emt 0:00:21] Ke4 Kxe5+} 1/2-1/2